Loreto College Library, Kolkata
WEBOPAC (ONLINE PUBLIC ACCESS CATALOGUE)

Elementary statistics for teachers (Record no. 12631)

MARC details
000 -LEADER
fixed length control field 00578nam a2200205Ia 4500
005 - DATE AND TIME OF LATEST TRANSACTION
control field 20230714093937.0
008 - FIXED-LENGTH DATA ELEMENTS--GENERAL INFORMATION
fixed length control field 131103s9999 xx 000 0 und d
020 ## - ISBN | অাই এস বি এন
ISBN | অাই এস বি এন Rs.4
040 ## - CATALOGING SOURCE
Original cataloging agency Loreto College
041 ## - LANGUAGE CODE
Language code English
082 ## - DDC | ডিউই
Classification number | বর্গসংখ্যা 311
Book Number | গ্রন্থাঙ্ক MAN
100 ## - MAIN ENTRY--PERSONAL NAME | মুখ্য সংলেখ - ব্যাক্তিনাম
Personal name | ব্যাক্তিনাম Manuel,Hesrchel T.
245 ## - TITLE STATEMENT | অাখ্যা বিবরণী
Title | অাখ্যা Elementary statistics for teachers
Statement of responsibility | লেখকের দায়িত্বের বিবরণ Herschel T.Manuel
260 ## - IMPRINT | প্রকাশনা ক্ষেত্র
Place of publication | প্রকাশ স্থান Delhi
Name of publisher | প্রকাশকের নাম Eurasia Publishing House
Date of publication | প্রকাশ কাল 1962
300 ## - PHYSICAL DESCRIPTION |
Page / Vol. No | পৃষ্ঠা / খন্ড সংখ্যা x,213 p.
Other physical details | অনান্য বাহ্যিক বিবরণ illus.,diagrams
504 ## - BIBLIOGRAPHY, ETC. NOTE
Bibliography, etc Includes references and index
650 ## - SUBJECT ADDED ENTRY--TOPICAL TERM | বিষয় শিরোনাম - মূল বিষয়
Topical term | মূল বিষয় Collection Of General Statisties
850 ## - HOLDING INSTITUTION
Holding institution LCLIB
942 ## - ADDED ENTRY ELEMENTS (KOHA)
Koha item type Books
Holdings
Withdrawn status Lost status Source of classification Damaged status Not for loan Home library Current library Date acquired Total Checkouts Full call number Accession No. Date last seen Price effective from Koha item type Coded location qualifier
    Dewey Decimal Classification     Loreto College Loreto College 04/11/2013   311 MAN 12903 B12543 04/11/2013 04/11/2013 Books